<?xml version='1.0' encoding='UTF-8'?><?xml-stylesheet href='static/style.xsl' type='text/xsl'?><OAI-PMH xmlns="http://www.openarchives.org/OAI/2.0/" xmlns:xsi="http://www.w3.org/2001/XMLSchema-instance" xsi:schemaLocation="http://www.openarchives.org/OAI/2.0/ http://www.openarchives.org/OAI/2.0/OAI-PMH.xsd"><responseDate>2026-05-01T10:26:24Z</responseDate><request verb="GetRecord" identifier="oai:ebiltegia.mondragon.edu:20.500.11984/4829" metadataPrefix="marc">https://ebiltegia.mondragon.edu/oai/request</request><GetRecord><record><header><identifier>oai:ebiltegia.mondragon.edu:20.500.11984/4829</identifier><datestamp>2024-01-04T21:57:01Z</datestamp><setSpec>com_20.500.11984_1736</setSpec><setSpec>com_20.500.11984_1627</setSpec><setSpec>col_20.500.11984_1972</setSpec></header><metadata><record xmlns="http://www.loc.gov/MARC21/slim" xmlns:dcterms="http://purl.org/dc/terms/" xmlns:xsi="http://www.w3.org/2001/XMLSchema-instance" xmlns:doc="http://www.lyncode.com/xoai" xsi:schemaLocation="http://www.loc.gov/MARC21/slim http://www.loc.gov/standards/marcxml/schema/MARC21slim.xsd">
   <leader>00925njm 22002777a 4500</leader>
   <datafield ind2=" " ind1=" " tag="042">
      <subfield code="a">dc</subfield>
   </datafield>
   <datafield ind2=" " ind1=" " tag="720">
      <subfield code="a">Mondragon Unibertsitatea</subfield>
      <subfield code="e">author</subfield>
   </datafield>
   <datafield ind2=" " ind1=" " tag="260">
      <subfield code="c">2016-11-17</subfield>
   </datafield>
   <datafield ind2=" " ind1=" " tag="520">
      <subfield code="a">Humanitate eta Hezkuntza Zientzien Fakultateko Ikus-entzunezko Komunikazioa graduko ikasle talde batek antolatuko ditu, ikasturte honetan, fakultateko Zinema saioak. Hemendik aurrera, beraz, ikasleek eurek aukeratuko dituzte filmak, prestatutako dituzte emanaldiaren aurreko aurkezpenak eta dinamizatuko dituzte filma ikusi ondorengo eztabaidak. Zinema saioak egingo dira asteazkenetan, 16:30etan, Aretxabaletako campusean. Film emanaldiak ekainera arte luzatuko dira.</subfield>
   </datafield>
   <datafield ind2=" " ind1=" " tag="520">
      <subfield code="a">El presente curso académico, serán los propios estudiantes del Grado de Comunicación Audiovisual de la Facultad de Humanidades y Ciencias de la Educación los encargados de las organización de las Sesiones de cine. Así, serán lo propios estudiantes los que elijan las películas, hagan la presentación de las mismas y dinamizen y moderen el posterior debate.</subfield>
   </datafield>
   <datafield ind1="8" ind2=" " tag="024">
      <subfield code="a">https://c7.staticflickr.com/1/759/23629945926_f579deed5c.jpg</subfield>
   </datafield>
   <datafield ind1="8" ind2=" " tag="024">
      <subfield code="a">http://embedr.flickr.com/assets/client-code.js</subfield>
   </datafield>
   <datafield ind1="8" ind2=" " tag="024">
      <subfield code="a">https://www.flickr.com/photos/huhezi/23629945926/in/album-72157660123973486/</subfield>
   </datafield>
   <datafield ind1="8" ind2=" " tag="024">
      <subfield code="a">https://hdl.handle.net/20.500.11984/4829</subfield>
   </datafield>
   <datafield tag="653" ind2=" " ind1=" ">
      <subfield code="a">Humanitate eta Hezkuntza Zientzien Fakultatea</subfield>
   </datafield>
   <datafield ind2="0" ind1="0" tag="245">
      <subfield code="a">Ikus-entzunezko Komunikazioko ikasle talde batek antolatuko ditu aurtengo Zinema saioak</subfield>
   </datafield>
   <datafield ind2="0" ind1="0" tag="245">
      <subfield code="a">Un grupo de estudiantes del Grado de Comunicación Audiovisual organizará las Sesiones de cine</subfield>
   </datafield>
</record></metadata></record></GetRecord></OAI-PMH>